Comentarios a los artículos del número conmemorativo para el 50 aniversario del CEE.

Guardado en:
Bibliografiske detaljer
Format: Ukendt
Sprog:spansk
Fag:
Online adgang:Ver documento en línea
Tags: Tilføj Tag
Ingen Tags, Vær først til at tagge denne postø!

MARC

LEADER 00000c**#a2200000ua#4500
001 000529358
003 DLC
005 20260512000000.0
008 070831c^^^^9999^^^^r1^^^^^^^^0^^^^0spa^d
009 20260512123844.808
022 |a 01851284 
035 |a FCE 000073605 
037 |a Acervo ITESO - Biblioteca 
041 |a spa 
095 |a RLEE  |b 13-4-5 
245 1 0 |a Comentarios a los artículos del número conmemorativo para el 50 aniversario del CEE. 
264 |a México :  |b Centro de Estudios Educativos,  |c 2013. 
336 |a texto  |b txt  |2 rdacontenido 
337 |a sin mediación  |b n  |2 rdamedio 
338 |a volumen  |b nc  |2 rdasoporte 
649 |a XX 
650 |a Aniversario 
650 |a Centro de Estudios Educativos (CEE) 
650 |a México 
740 |g vol. 43, no. 4, 2013, pp. 5-5  |t Revista Latinoamericana de Estudios Educativos. Editorial, 
856 4 0 |u https://www.cee.iteso.mx/BE/RevistaCEE/01%20Editorial-Presentaci%C3%B3n.pdf  |y Ver documento en línea 
910 |a Fondo Centro de Estudios Educativos 
920 |a Impresos - Libros 
930 |a Fondos Especiales 
905 |a 133 
902 |a https://opac.biblio.iteso.mx/vufind/Record/000529358